Top 15 countries that shower and bathe the most - Statistics

General Stats
  • This quiz has been taken 64 times
  • The average score is 11 of 15
Answer Stats
Hint Answer % Correct
1 UK
93%
4 USA
89%
7 France
86%
12 Spain
86%
10 Japan
84%
2 Germany
82%
13 Australia
80%
3 Brazil
75%
5 China
75%
6 Mexico
75%
9 India
73%
8 Russia
70%
15 Colombia
50%
14 Indonesia
48%
11 South Africa
39%
No matching quizzes found
Score Distribution
Percent of People with Each Score
Percentile by Number Answered
Your Score History
You have not taken this quiz